<?xml version="1.0" encoding="UTF-8"?><?xml-stylesheet type="text/xsl" href="static/style.xsl"?><OAI-PMH xmlns="http://www.openarchives.org/OAI/2.0/" xmlns:xsi="http://www.w3.org/2001/XMLSchema-instance" xsi:schemaLocation="http://www.openarchives.org/OAI/2.0/ http://www.openarchives.org/OAI/2.0/OAI-PMH.xsd"><responseDate>2026-04-27T08:18:25Z</responseDate><request verb="GetRecord" identifier="oai:uvadoc.uva.es:10324/48032" metadataPrefix="marc">https://uvadoc.uva.es/oai/request</request><GetRecord><record><header><identifier>oai:uvadoc.uva.es:10324/48032</identifier><datestamp>2021-09-23T08:16:07Z</datestamp><setSpec>com_10324_38</setSpec><setSpec>col_10324_852</setSpec></header><metadata><record xmlns="http://www.loc.gov/MARC21/slim" xmlns:doc="http://www.lyncode.com/xoai" xmlns:xsi="http://www.w3.org/2001/XMLSchema-instance" xmlns:dcterms="http://purl.org/dc/terms/" xsi:schemaLocation="http://www.loc.gov/MARC21/slim http://www.loc.gov/standards/marcxml/schema/MARC21slim.xsd">
<leader>00925njm 22002777a 4500</leader>
<datafield tag="042" ind1=" " ind2=" ">
<subfield code="a">dc</subfield>
</datafield>
<datafield tag="720" ind1=" " ind2=" ">
<subfield code="a">Caminero Martínez, Maravilla María</subfield>
<subfield code="e">author</subfield>
</datafield>
<datafield tag="260" ind1=" " ind2=" ">
<subfield code="c">2021</subfield>
</datafield>
<datafield tag="520" ind1=" " ind2=" ">
<subfield code="a">En el presente trabajo se lleva a cabo un análisis sobre el carácter, privativo o ganancial de algunos de los supuestos más controvertidos que se pueden encontrar a la hora de liquidar una sociedad de gananciales. Debido a la ausencia de calificación de algunos bienes en la legislación actual, los distintos tribunales se han visto obligados a buscar solución a estos conflictos, intentando cuadrar su naturaleza en alguno de los supuestos recogidos en los artículos 1.346 o 1.347 del Código Civil, llegando en ocasiones a conclusiones tan dispares que han resultado ser hasta contradictorias.&#xd;
Para comprender la calificación a la que llegan jurisprudencia y/o la doctrina en el trabajo se realiza un estudio individualizado de distintos bienes, en atención a distintos criterios.</subfield>
</datafield>
<datafield tag="024" ind2=" " ind1="8">
<subfield code="a">https://uvadoc.uva.es/handle/10324/48032</subfield>
</datafield>
<datafield tag="245" ind1="0" ind2="0">
<subfield code="a">Casos dudosos de bienes y derechos en la liquidación de la sociedad de gananciales</subfield>
</datafield>
</record></metadata></record></GetRecord></OAI-PMH>